000 00488nam a2200133 4500
999 _c9173
_d9173
008 180413b ||||| |||| 00| 0 eng d
082 _aDPer 050 Dec 2015-Mar 2016 T48 v186-187
100 _927382
_aFrizell, Sam.
245 _aHow Bernie Sanders' campaign could spawn a liberal tea party/
_cSam Frizell.
260 _aNew York:
_bTime Inc.,
_c©Dec 2015-Mar 2016.
300 _av187 n9, pages 7-8:
_billustrations;
_c27 cm.
650 0 _927383
_aElections
_xCampaign.
942 _2ddc
_cPER